Marvel Movies in Order of Release Date - Statistics

General Stats
  • This quiz has been taken 104 times
  • The average score is 15 of 23
Answer Stats
Year Movie % Correct
2008 Iron Man
100%
2010 Iron Man 2
91%
2008 The Incredible Hulk
91%
2012 The Avengers
90%
2011 Thor
90%
2011 Captain America: The First Avenger
87%
2013 Iron Man 3
82%
2013 Thor: The Dark World
72%
2014 Captain America: The Winter Soldier
70%
2015 Avengers: Age of Ultron
69%
2014 Guardians of the Galaxy
69%
2015 Ant-Man
63%
2016 Captain America: Civil War
63%
2016 Doctor Strange
58%
2018 Avengers: Infinity War
52%
2019 Avengers: Endgame
51%
2018 Ant-Man and the Wasp
49%
2018 Black Panther
49%
2017 Spider-Man: Homecoming
49%
2019 Captain Marvel
48%
2017 Guardians of the Galaxy Vol. 2
46%
2019 Spider-Man: Far From Home
42%
2017 Thor: Ragnarok
42%
No matching quizzes found
Score Distribution
Percent of People with Each Score
Percentile by Number Answered
Your Score History
You have not taken this quiz